000 01447nam2a22002291 4500
001 rc\1035687
005 20250622104753.0
035 _a(NLR Aleph) 006248894
090 _a6733295
_c6733295
100 _a20041129d1981 |||y0rusy50 ca
101 0 _arus
102 _aRU
105 _ay |||||||||
200 0 _a(1976-1980 гг.)
_f[Сост.: к. ист. н. В.Я. Березнев и др.]
210 _d1981
_aБ. м.
215 _a59 с.
461 0 _1001rc\1035686
_12001#$aЭкономическая эффективность научных исследований$eБиблиогр. аннот. указ. отеч. и зарубеж. лит.$fМ-во здравоохранения РСФСР, Моск. НИИ эпидемиологии и микробиологии им. Г.Н. Габричевского, Респ. отд. науч. мед. информ.$v(1976-1980 гг.)
_96733288
_cМ.
_d1981
_fМ-во здравоохранения РСФСР, Моск. НИИ эпидемиологии и микробиологии им. Г.Н. Габричевского, Респ. отд. науч. мед. информ.
_nБ. и.
_oБиблиогр. аннот. указ. отеч. и зарубеж. лит.
_tЭкономическая эффективность научных исследований
_v(1976-1980 гг.)
801 0 _aRU
_bNLR
_gpsbo
801 1 _aRU
_bELAR
_2rusmarc
852 _aNLR
_bС
_jК-1/1160
942 _cBOOK
980 _aNB